| 000 | 00832nam a2200265Ia 4500 | ||
|---|---|---|---|
| 005 | 20250425162846.0 | ||
| 008 | 250425s9999 xx 000 0 und d | ||
| 020 | _a9781292444833 | ||
| 041 |
_z _heng |
||
| 082 |
_a658.5 _pHEIj |
||
| 100 | _aHeizer, Jay | ||
| 245 | 0 |
_aOperations Management: Sustainability and Supply Chain Management _cJay Heizer; Barry Render; Chuck Munson |
|
| 250 |
_aFourteenth Edition _bGlobal Edition |
||
| 260 |
_aReino Unido _bPearson Education Limited, 2024 _c2024 |
||
| 300 |
_a870 p. _bImágenes _c27.6 cm. |
||
| 500 | _aTabla de contenido, apéndice, índice general | ||
| 650 | _aGestión de la cadena | ||
| 650 | _aGestión de operaciones | ||
| 650 | _aSostenibilidad | ||
| 650 | _aSuministro | ||
| 700 | _aMunson, Chuck | ||
| 700 | _aRender, Barry | ||
| 942 | _c01 | ||
| 010 | _a117254 | ||
| 999 |
_c237896 _d237896 |
||